| 000 | 00744nam a22002177a 4500 | ||
|---|---|---|---|
| 005 | 20231220150153.0 | ||
| 010 | _aENG-138660 ENG-138661 | ||
| 020 |
_c450.00 _a9789390897285 |
||
| 020 |
_c195.00 _a9789390897278 |
||
| 035 | _aEN-122192 EN-122193 | ||
| 037 | _bDBAD/PUB | ||
| 082 |
_a483.103 _21 |
||
| 100 |
_aReddy, G S _960058 |
||
| 245 |
_aProtologism/ Neologism Latest English Words & Phrases/ _bBy G S Reddy |
||
| 250 | _a1 | ||
| 260 |
_aNew Delhi _bNeelkamal Publications _c2020 |
||
| 270 |
_a4764/1, 23, Ansari Road, Daryaganj _bNew Delhi _e110002 _k011-23244237 _k98118-28953 _mneelkamalbooks@gmail.com |
||
| 300 |
_aviii+136p. _c22cm(hbk) |
||
| 300 |
_aviii+136p. _c22cm(pbk) |
||
| 942 |
_2ddc _cEN _h483.103 _mRED _e1 |
||
| 999 |
_c199727 _d199727 |
||